| 000 | 00711nam a22002417a 4500 | ||
|---|---|---|---|
| 999 |
_c16417 _d16417 |
||
| 003 | AR-CdUCM | ||
| 008 | 190503b ||||| |||| 00| 0 spa d | ||
| 040 |
_aMUNICIPALIDAD PROVINCIAL DEL CUSCO _cBIBLIOTECA MUNICIPAL DEL CUSCO |
||
| 041 | _heng | ||
| 082 |
_a895.1951 / _bY96 |
||
| 100 |
_aYutang, Lin _935848 |
||
| 245 | _aEnebro Loa / | ||
| 260 |
_aBuenos Aires : _bSudamericana, _c1964. |
||
| 300 |
_a245 páginas ; _c19 cm. |
||
| 440 |
_aColección Horizonte. _914516 |
||
| 505 | _aContenido: Novela. | ||
| 650 |
_aLiteratura China _99978 |
||
| 650 |
_aNovela _95 |
||
| 650 |
_aSiglo XX _98 |
||
| 700 |
_aJiménez, Román A. (traducción) _929214 |
||
| 942 |
_2ddc _cLIBROS |
||
| 945 |
_aachl _d2019-05-03 |
||